1498 1735 1427 1809 1495 1068 1191 1521 1950 1158 1231 1121 1602 1248 1043 1346 1785 1842 1641 1169 1388 1300 1502 1344 1895 1416 1375 1031 1250 1366 1512 1835 1794 1508 1326 1571 1915 1293 1692 1869 1138 1712 1823 1490 1024 1366 1569 1833 1878 1797 1018 1918 1238 1351 1848 1516 1504 1501 1973 1399 1848 1533 1967 1779 1706 1047 1944 1659 1176 1112 1229 1011 1858 1059 1503 1828 1224 1767 1726 1034 1121 1156 1047 1248 1825 1248 1990 1787 1772 1679 1305 1625 1867 1721 1939 1023 1838 1125 1996 BCNSPRNW ULIB Ver.6.0+V

เปลี่ยนเป็นภาษาไทย

Change to English
 แสดงรายละเอียดบรรณานุกรม
  กลับหน้าหลัก

Brief Record : Get Marc (ISO 2709) : E-mail record : QR code < ปิดหน้าต่าง
LEADER : 00000nam 2200000uu 4500
001    13399121276
003     ULIB
008    121114s2555||||th 000 0 tha d
020    ^a9789740328421
050  4 ^aBF139^bค237จ
100    ^aคัคนางค์ มณีศรี
245    ^aจิตวิทยาทั่วไป. =^bGeneral Psychology/^cคัคนางค์ มณีศรี
260    ^a ^bคณะจิตวิทยา จุฬาลงกรณ์มหาวิทยาลัย,^c2555
300    ^a246 หน้า;^b26 ซม.
650  7 จิตวิทยา
945    ^p220^l0^i033048
945    ^p220^l0^i033049
945    ^p220^l0^i033050
995    ทศพร
999    ^aทศพร
รายการนี้ยังไม่มีแท็ก
คุณยังไม่ได้ล็อกอิน คุณสามารถมีกิจกรรมร่วมกับเว็บไซต์ได้ แต่ต้องล็อกอินก่อน ::
  ล็อกอิน

รายการสื่อสารสนเทศ

ลำดับที่ ประเภท เลขเรียก/บาร์โค้ด สถานที่ สถานะ
1. วิทยาศาสตร์การแพทย์ และสุขภาพ
หนังสือสำรอง
สถานะ=หนังสือสำรอง
BF139 ค237จ ฉ.1 
  Barcode: 033048
ห้องสมุดวิทยาเขตสวรรค์ประชารักษ์
►หนังสือทั่วไป
บนชั้น
2. วิทยาศาสตร์การแพทย์ และสุขภาพ
วิทยาศาสตร์การแพทย์ และสุขภาพ
BF139 ค237จ ฉ.2 
  Barcode: 033049
ห้องสมุดวิทยาเขตสวรรค์ประชารักษ์
►หนังสือทั่วไป
บนชั้น
3. วิทยาศาสตร์การแพทย์ และสุขภาพ
วิทยาศาสตร์การแพทย์ และสุขภาพ
BF139 ค237จ ฉ.3 
  Barcode: 033050
ห้องสมุดวิทยาเขตสวรรค์ประชารักษ์
►หนังสือทั่วไป
ถูกยืม กำหนดส่งวันที่ 7 มีนาคม 2565
  จอง

รายการใกล้เคียง
    ผู้แต่ง [คัคนางค์ มณีศรี]

    หัวเรื่อง [จิตวิทยา]

BibComment


ยังไม่เคยถูกคอมเมนท์

คอมเมนท์ทรัพยากรรายการนี้
  คอมเมนท์: จิตวิทยาทั่วไป ..


 Copyright 2026. Bcnsprnw @Library